| 000 | 00479nam a2200169Ia 4500 | ||
|---|---|---|---|
| 005 | 20250325034818.0 | ||
| 008 | 240331s9999 xx 000 0 und d | ||
| 082 |
_a302.234 _bMOC _2436 |
||
| 100 | _aMockyen, A | ||
| 245 | 0 |
_aF.Y.I Your Message Through the Media: _bA Guidebook for Using Print and Radio |
|
| 260 |
_aKuala Lumpur, _bAsian Institute for Broadcasting Development _c1974 |
||
| 300 | _a120 p., | ||
| 650 | _aMedia | ||
| 650 | _aRadio | ||
| 650 | _aPrint | ||
| 942 | _cL | ||
| 999 |
_c1176 _d1176 |
||